Teória a prax odpisov z investičného majetku. 4

Daňové odpisy podľa legislatívnej úpravy v SR. Čo vyplýva pre odpisovanie zo zákona o daniach z príjmov: povinnosť odpisovať hmotný a nehmotný majetok. Vymedzenie majetku z hľadiska uznania odpisov ako nákladov (výdavkov) pre určenie povinnosti daní z príjmov.

Enregistré dans:
Détails bibliographiques
Auteur principal: Troják, J.
Format: Chapitre de livre
Langue:slovaque
Sujets:
Tags: Ajouter un tag
Pas de tags, Soyez le premier à ajouter un tag!

MARC

LEADER 00000naa a2200000 4500
001 r016942
005 20221213101311.8
041 0 |a slo 
044 |a SK 
245 1 0 |a Teória a prax odpisov z investičného majetku. 4  |c J. Troják 
520 |a Daňové odpisy podľa legislatívnej úpravy v SR. Čo vyplýva pre odpisovanie zo zákona o daniach z príjmov: povinnosť odpisovať hmotný a nehmotný majetok. Vymedzenie majetku z hľadiska uznania odpisov ako nákladov (výdavkov) pre určenie povinnosti daní z príjmov. 
610 2 0 |a odpisy 
610 2 0 |a odpisy daňové 
610 2 0 |a majetok investičný 
610 2 0 |a majetok hmotný 
610 2 0 |a majetok nehmotný 
610 2 0 |a legislatíva 
610 2 0 |a Slovensko 
610 2 0 |a dane z príjmov 
100 1 |a Troják, J.